| 000 | 00699nam a2200217 i 4500 | ||
|---|---|---|---|
| 001 | 21352 | ||
| 003 | ES-MaACL | ||
| 005 | 20250824020505.0 | ||
| 007 | t| | ||
| 008 | 021125s1950 sp ||||1| spa d | ||
| 100 | 1 |
_aAddis, Thomas. _918421 |
|
| 245 | 1 | 0 |
_aGlomérilonefritis / _cThomas Addis ; traducción de Antonio Sabaté Jaile. |
| 250 | _a[1ª ed.]. | ||
| 260 |
_a[Barcelona] : _bJosé Janés, _c[1950] ( _fHorta de Publicaciones y Ediciones) |
||
| 300 |
_aXVI, 413 p. : _bil. ; _c22 cm. |
||
| 490 | 1 | _aPublicaciones médicas | |
| 700 | 1 |
_aSabaté Jaile, Antonio _9101168 |
|
| 830 | 0 |
_aPublicaciones médicas _9181357 |
|
| 852 |
_aES-MaACL _jD-5352 _bR.30947 |
||
| 999 |
_c21352 _d21352 |
||